[Event "South America-ch U20"]
[Site "Chess.com INT"]
[Date "2021.06.19"]
[Round "2"]
[White "Hormazabal Figueroa, Constanza Valentina"]
[Black "Ballesteros Cardenas, Leonardo"]
[Result "0-1"]
[WhiteElo "1702"]
[BlackElo "1991"]
[PlyCount "72"]
[EventDate "2021.06.19"]
[EventType "swiss"]
[EventRounds "7"]
[EventCountry "CHI"]
[SourceTitle "CBM 203 Extra"]
[Source "ChessBase"]
[SourceDate "2021.09.30"]
[SourceVersion "1"]
[SourceVersionDate "2021.09.30"]
[SourceQuality "1"]

1. e4 c5 2. Nf3 e6 3. d4 cxd4 4. Nxd4 a6 5. Nc3 Qc7 6. Qf3 Nf6 7. Qg3 Qxg3 8. hxg3 d6 9. a4 Be7 10. a5 Nbd7 11. f3 Ne5 12. g4 0-0 13. Na4 Bd8 14. Bd2 Bd7 15. g5 Ne8 16. f4 Nc6 17. Nxc6 Bxc6 18. Bd3 Rc8 19. Kf2 f6 20. gxf6 Nxf6 21. Nc3 d5 22. e5 Ne4+ 23. Nxe4 dxe4 24. Bc4 Bd5 25. Bxd5 exd5 26. Rac1 d4 27. Bb4 Rxf4+ 28. Kg3 Rf5 29. e6 Re5 30. Rhd1 Rc4 31. c3 d3 32. b3 Rc8 33. c4 Rxe6 34. c5 Bf6 35. Rc4 Rd8 36. Bd2 e3 0-1

[Event "South America-ch U16 Girls 16th"]
[Site "Buenos Aires"]
[Date "2019.12.02"]
[Round "3.3"]
[White "Ayala Rosero, Ariana Marcela"]
[Black "Hormazabal Figueroa, Constanza Valentina"]
[Result "1/2-1/2"]
[WhiteElo "1515"]
[BlackElo "1712"]
[PlyCount "49"]
[EventDate "2019.12.01"]
[EventType "swiss"]
[EventRounds "9"]
[EventCountry "ARG"]
[SourceTitle "EXT 2024"]
[Source "ChessBase"]
[SourceDate "2023.10.10"]
[SourceVersion "1"]
[SourceVersionDate "2023.10.10"]
[SourceQuality "1"]

1. d4 d5 2. c4 c6 3. Nc3 Nf6 4. Nf3 dxc4 5. a4 Bf5 6. Bg5 e6 7. e4 Bg4 8. e5 h6 9. Bh4 g5 10. Bg3 Nd5 11. Bxc4 Nd7 12. 0-0 Be7 13. Be2 h5 14. h3 Bf5 15. Nd2 Bg6 16. Nc4 Nf4 17. Bxf4 gxf4 18. Qd2 Nb6 19. Qxf4 Nxc4 20. Bxc4 Bg5 21. Qg3 h4 22. Qg4 Bh5 23. Qe4 Bg6 24. Qg4 Bh5 25. Qe4 1/2-1/2

[Event "Pan American-ch U16 Girls"]
[Site "Guayaquil"]
[Date "2019.07.26"]
[Round "8"]
[White "Hormazabal Figueroa, Constanza Valentina"]
[Black "Diaz Pabon, Karol Estefania"]
[Result "1-0"]
[WhiteElo "1593"]
[BlackElo "1410"]
[PlyCount "61"]
[EventDate "2019.07.21"]
[EventType "swiss"]
[EventRounds "9"]
[EventCountry "ECU"]
[SourceTitle "EXT 2020"]
[Source "ChessBase"]
[SourceDate "2019.10.17"]
[SourceVersion "1"]
[SourceVersionDate "2019.10.17"]
[SourceQuality "1"]

1. e4 c5 2. Nf3 d6 3. d4 cxd4 4. Nxd4 Nf6 5. Nc3 a6 6. Bg5 Nbd7 7. f4 e6 8. Qd2 Be7 9. 0-0-0 Qc7 10. g4 Ng8 11. h4 b5 12. Bg2 Bb7 13. e5 dxe5 14. fxe5 Bxg5 15. hxg5 Bxg2 16. Qxg2 Rc8 17. g6 h6 18. gxf7+ Kxf7 19. Rhf1+ Ke7 20. g5 h5 21. Nxe6 Qc6 22. Nd5+ Ke8 23. Nxg7+ Kd8 24. Rf8+ Nxf8 25. Nb4+ Qd7 26. Rxd7+ Kxd7 27. Qb7+ Rc7 28. Qxa6 Ne7 29. Qxb5+ Kc8 30. Na6 Rc6 31. Qb8+ 1-0

[Event "CHI-ch (Women)"]
[Site "Las Condes"]
[Date "2019.02.13"]
[Round "3"]
[White "Sanchez Tobar, Francisca Valentina"]
[Black "Hormazabal Figueroa, Constanza Valentina"]
[Result "1/2-1/2"]
[WhiteElo "1817"]
[BlackElo "1624"]
[PlyCount "109"]
[EventDate "2019.02.12"]
[EventType "swiss"]
[EventRounds "9"]
[EventCountry "CHI"]
[SourceTitle "CBM 188 Extra"]
[Source "ChessBase"]
[SourceDate "2019.02.26"]
[SourceVersion "1"]
[SourceVersionDate "2019.02.26"]
[SourceQuality "1"]

1. c4 g6 2. Nc3 Bg7 3. g3 d6 4. e4 e5 5. Bg2 c6 6. Nge2 h5 7. h3 h4 8. d4 hxg3 9. fxg3 Nf6 10. Be3 Nbd7 11. Qd2 a6 12. a4 Qa5 13. d5 c5 14. g4 Rb8 15. Ra2 Qb4 16. a5 b5 17. cxb5 axb5 18. 0-0 Ra8 19. Rfa1 Ra6 20. Ng3 c4 21. Nb1 Qxd2 22. Nxd2 Nc5 23. Bxc5 dxc5 24. Kf2 Bd7 25. Ke2 Ke7 26. Ngf1 Rha8 27. Ne3 Bh6 28. Nef1 Ne8 29. Ng3 Nd6 30. Nf3 Bf4 31. Nf1 Nb7 32. Ne3 Rxa5 33. Rxa5 Rxa5 34. Rxa5 Nxa5 35. Nd2 Kd6 36. Bf3 Bxe3 37. Kxe3 g5 38. Be2 Nb3 39. Nf3 f6 40. Bd1 Nd4 41. Nd2 Bc8 42. Nf3 Nxf3 43. Bxf3 b4 44. Kd2 Ba6 45. Kc2 Bb5 46. Be2 Ba4+ 47. Kd2 Bb3 48. Bf1 Ba2 49. Kc2 Kc7 50. Be2 Kb6 51. Bf1 Bb3+ 52. Kd2 Kc7 53. Be2 Kd6 54. Bf1 Ba2 55. Kc2 1/2-1/2

[Event "CHI-ch U14 Girls"]
[Site "Santiago de Chile"]
[Date "2018.10.17"]
[Round "3.3"]
[White "Hormazabal Figueroa, Constanza Valentina"]
[Black "Saldias Aguilar, Camila Andrea"]
[Result "1-0"]
[WhiteElo "1480"]
[BlackElo "1143"]
[PlyCount "131"]
[EventDate "2018.10.16"]
[EventType "swiss"]
[EventRounds "7"]
[EventCountry "CHI"]
[SourceTitle "EXT 2024"]
[Source "ChessBase"]
[SourceDate "2023.10.10"]
[SourceVersion "1"]
[SourceVersionDate "2023.10.10"]
[SourceQuality "1"]

1. e4 e5 2. Nf3 Nc6 3. Bc4 Nf6 4. d3 Be7 5. c3 0-0 6. 0-0 Re8 7. Re1 d6 8. Nbd2 Bf8 9. Nf1 d5 10. exd5 Nxd5 11. d4 e4 12. Ng5 Bf5 13. Ng3 Bg6 14. N5xe4 Bxe4 15. Nxe4 Qd7 16. Bd2 Rad8 17. Bg5 Be7 18. Nc5 Qc8 19. Bxe7 Ncxe7 20. Qf3 b6 21. Nd3 c6 22. Re2 Nf6 23. Rae1 Ng6 24. Ne5 Nxe5 25. dxe5 Nd5 26. h4 Re7 27. Bd3 Rde8 28. Qe4 g6 29. Qf3 Qc7 30. Qg3 f6 31. h5 g5 32. exf6 Qxg3 33. fxg3 Rxe2 34. Rxe2 Rxe2 35. Bxe2 Nxf6 36. Kf2 Kf7 37. Ke3 Ke6 38. Bf3 c5 39. g4 h6 40. Kd3 b5 41. a4 bxa4 42. Kc4 Kd6 43. Kb5 a3 44. bxa3 Nd5 45. Bxd5 Kxd5 46. a4 Kd6 47. c4 Kc7 48. Kxc5 Kd7 49. Kb5 Kc7 50. Kc5 Kd7 51. Kd5 Kc7 52. Ke6 Kc6 53. Kf6 Kc5 54. Kg6 Kxc4 55. Kxh6 a5 56. Kg6 Kb4 57. h6 Kxa4 58. h7 Kb3 59. h8Q a4 60. Qa1 a3 61. Kxg5 a2 62. Kf4 Ka3 63. Ke3 Kb3 64. Kd3 Ka3 65. Kc4 Ka4 66. Qxa2# 1-0

[Event "CHI-ch U14 Girls"]
[Site "Santiago de Chile"]
[Date "2018.10.17"]
[Round "2.3"]
[White "Manriquez Mazza, Ignacia Jesus"]
[Black "Hormazabal Figueroa, Constanza Valentina"]
[Result "0-1"]
[WhiteElo "1267"]
[BlackElo "1480"]
[PlyCount "46"]
[EventDate "2018.10.16"]
[EventType "swiss"]
[EventRounds "7"]
[EventCountry "CHI"]
[SourceTitle "EXT 2024"]
[Source "ChessBase"]
[SourceDate "2023.10.10"]
[SourceVersion "1"]
[SourceVersionDate "2023.10.10"]
[SourceQuality "1"]

1. e4 c5 2. Nf3 Nc6 3. Bb5 d6 4. Nc3 Bd7 5. Bxc6 Bxc6 6. d4 cxd4 7. Nxd4 Nf6 8. Bg5 Nxe4 9. Nxc6 Nxc3 10. Qf3 Qd7 11. Qxc3 Qxc6 12. Qxc6+ bxc6 13. 0-0 f6 14. Be3 c5 15. c4 Rb8 16. b3 Kf7 17. f4 f5 18. Rad1 a5 19. Rde1 e6 20. h3 Be7 21. g4 g5 22. Rf3 a4 23. Rg3 gxf4 0-1

[Event "Pan American-ch U14 Girls"]
[Site "San Jose"]
[Date "2017.07.02"]
[Round "2"]
[White "Hormazabal Figueroa, Constanza Valentina"]
[Black "Celestino Pino, Alisson Nicole"]
[Result "1-0"]
[WhiteElo "1433"]
[BlackElo "1585"]
[PlyCount "75"]
[EventDate "2017.07.01"]
[EventType "swiss"]
[EventRounds "9"]
[EventCountry "CRI"]
[SourceTitle "EXT 2022"]
[Source "ChessBase"]
[SourceDate "2021.10.06"]
[SourceVersion "1"]
[SourceVersionDate "2021.10.06"]
[SourceQuality "1"]

1. e4 c5 2. Nf3 d6 3. d4 cxd4 4. Nxd4 Nf6 5. Nc3 a6 6. Bg5 e6 7. f4 h6 8. Bh4 Qb6 9. a3 Be7 10. Bf2 Qc7 11. Qf3 Nc6 12. 0-0-0 e5 13. fxe5 Nxe5 14. Qe3 Nh5 15. Kb1 Bg5 16. Qe1 Be6 17. Nf5 Bxf5 18. Nd5 Qc6 19. exf5 Rc8 20. h4 Qxc2+ 21. Ka1 Be7 22. Bd3 Qb3 23. Qe4 Nf6 24. Nxf6+ gxf6 25. Rhe1 Rg8 26. Rd2 d5 27. Qe2 Rxg2 28. Bc2 Qf3 29. Rc1 Qxe2 30. Ba4+ Nc6 31. Rxe2 Rg4 32. Bb3 Re4 33. Rxe4 dxe4 34. Bd5 Kd7 35. Bxf7 Nd8 36. Be6+ Nxe6 37. fxe6+ Kd8 38. Bb6+ 1-0